000
00225 a2200109 4500
020
_a
1-930332-60-2
041
_a
spa
100
_a
Brown, Marc
245
_a
Arturo y la carrera por la lectura
942
_c
BK
999
_c
17768
_d
17768
999
_d
17768